Mine's a large one (Record no. 79894)

MARC details
000 -LEADER
fixed length control field 00659cab a22001935a 4500
001 - CONTROL NUMBER
control field L142653
008 - FIXED-LENGTH DATA ELEMENTS--GENERAL INFORMATION
fixed length control field 080227s2008 xxko f 000 0 eng d
035 ## - SYSTEM CONTROL NUMBER
System control number (Sirsi) u142653
041 0# - LANGUAGE CODE
Language code of text/sound track or separate title eng
100 1# - MAIN ENTRY--PERSONAL NAME
Personal name Pearman, Hugh
245 00 - TITLE STATEMENT
Title Mine's a large one
260 ## - PUBLICATION, DISTRIBUTION, ETC.
Date of publication, distribution, etc. 2008
490 #0 - SERIES STATEMENT
Series statement RIBA Journal
Volume/sequential designation 115(1) January 2008, 26-30(5)
520 ## - SUMMARY, ETC.
Summary, etc. Reviews the design changes made to regenerate St Pancras International station. There was a total of £5.8bn of investment in the High Speed One rail link, with £800m spent on the station itself.
590 ## - LOCAL NOTE (RLIN)
Local note KA
651 #4 - SUBJECT ADDED ENTRY--GEOGRAPHIC NAME
Geographic name United Kingdom
Chronological subdivision
690 ## - LOCAL SUBJECT ADDED ENTRY--TOPICAL TERM (OCLC, RLIN)
Topical term or geographic name as entry element BUILT ENVIRONMENT-BUILDING COSTS
942 ## - ADDED ENTRY ELEMENTS (KOHA)
Suppress in OPAC 0
Holdings
Withdrawn status Lost status Source of classification or shelving scheme Damaged status Not for loan Home library Current library Shelving location Date acquired Total Checkouts Full call number Barcode Date last seen Copy number Price effective from Koha item type
    Dewey Decimal Classification     London London Journal article 27/02/2008   L142653 142653-1001 06/08/2019 1 06/08/2019 Journal article